| 000 | 00395 a2200109 4500 | ||
|---|---|---|---|
| 001 | ART_57513 | ||
| 005 | 20260410162030.0 | ||
| 008 | 260409a | ||
| 245 | 1 | 0 | _aEl “jubilado-deudor-consumidor”, la protección de sus intereses económicos y la seguridad jurídica |
| 100 | 1 | _aRossi, Jorge O. | |
| 773 | 0 |
_tTemas de derecho procesal _g- Año 6, N° 12 (dic. 2022) _wREV44095 |
|
| 999 |
_c33888 _d33888 |
||